[Event "Titled Tue 3rd Jun Early"]
[Site "chess.com INT"]
[Date "2025.06.03"]
[Round "11"]
[White "Chiang, Jacob"]
[Black "Gong, Qianyun"]
[Result "0-1"]
[BlackTitle "WGM"]
[WhiteElo "2006"]
[BlackElo "2265"]
[WhiteFideId "30962331"]
[BlackFideId "8602425"]
[EventDate "2025.06.03"]

1. Nf3 Nf6 2. c4 c5 3. Nc3 Nc6 4. g3 d5 5. cxd5 Nxd5 6. Bg2 Nc7 7. O-O e5 8. d3
Be7 9. Be3 O-O 10. Rc1 f6 11. a3 Bd7 12. Qd2 Kh8 13. h3 Rc8 14. Kh2 Be6 15. Rb1
Qd7 16. Ne4 b6 17. b4 cxb4 18. axb4 Nd5 19. b5 Na5 20. g4 Rc7 21. Rfc1 Rxc1 22.
Qxc1 Rc8 23. Qb2 Nxe3 24. fxe3 Nb3 25. Nfd2 Nc5 26. Rc1 h5 27. gxh5 f5 28. Nxc5
Bxc5 29. Nf3 e4 30. Ne5 Qd6 31. d4 Ba3 32. Rxc8+ Bxc8 33. Qc2 Be6 34. Qc6 Kh7
35. Qb7 Bc1 36. Qc6 Qxc6 37. Nxc6 Bxe3 38. Nxa7 Bxd4 39. Nc6 Bc5 40. Kg3 Bc4 41.
Kf4 Bxb5 42. Ne5 Bxe2 43. Kxf5 e3 44. Be4 Kg8 45. Kg5 b5 46. h6 gxh6+ 47. Kxh6
Bd4 48. Nc6 Bc3 49. h4 b4 50. Na5 Bd1 51. h5 e2 52. Bd5+ Kh8 53. Nc6 e1=Q 54.
Nd8 Qe3+ 55. Kg6 Bc2+ 56. Kf7 Qf4+ 57. Ke8 Qe5+ 58. Be6 Qxh5+ 59. Ke7 Bf6+ 60.
Kxf6 Qh4+ 61. Ke5 Qxd8 62. Bf5 b3 63. Be4 Qe7+ 64. Kd4 Bxe4 65. Kc3 Bc2 66. Kb2
Qe5+ 67. Kc1 b2+ 68. Kxc2 b1=Q+ 69. Kxb1 Qe2 0-1

[Event "Titled Tue 3rd Jun Early"]
[Site "chess.com INT"]
[Date "2025.06.03"]
[Round "11"]
[White "Dominguez, Ramiro"]
[Black "Garcia Correa, Jose Ricardo"]
[Result "1/2-1/2"]
[WhiteTitle "FM"]
[BlackTitle "FM"]
[WhiteElo "2185"]
[BlackElo "2103"]
[WhiteFideId "4420055"]
[BlackFideId "5101832"]
[EventDate "2025.06.03"]

1. e4 c5 2. Ne2 e6 3. g3 Nc6 4. Bg2 g6 5. O-O Bg7 6. c3 d6 7. d4 Qc7 8. h3 Nge7
9. Be3 b6 10. f4 O-O 11. Kh2 Ba6 12. Rf2 Rac8 13. Nd2 Rfd8 14. Nf3 f5 15. Ng5
Qd7 16. d5 exd5 17. exd5 Na5 18. Ne6 Re8 19. Nxg7 Kxg7 20. b3 Ng8 21. Bd2 c4 22.
b4 Nb7 23. Nd4 Nd8 24. Re2 Nf6 25. Be3 Bb7 26. Ne6+ Nxe6 27. dxe6 Rxe6 28. Bxb7
Qxb7 29. Bd4 Rce8 30. Rg2 Kf7 31. g4 fxg4 32. hxg4 Ne4 33. f5 R6e7 34. Qf3 Kg8
35. Re1 d5 36. f6 Rf7 37. g5 Qc7+ 38. Kg1 a5 39. a3 b5 40. Rg4 axb4 41. axb4 Qc6
42. Re2 Qe6 43. Rh4 Qa6 44. Rg4 Re6 45. Kg2 Qa1 46. Qf4 Qd1 47. Qf3 Qd3 48. Re3
Qd2+ 49. Re2 Qd1 50. Bc5 Nxg5 51. Rxg5 Rxe2+ 52. Kh3 Qd3 53. Rg3 Qxf3 54. Rxf3
Re4 55. Bd4 h5 56. Kg3 g5 57. Rf5 h4+ 58. Kh3 Rxd4 59. Rxg5+ Kh7 60. cxd4 Rxf6
61. Rxd5 Rf3+ 62. Kxh4 Rb3 63. Rxb5 c3 64. Rc5 Rxb4 65. Rxc3 Rxd4+ 66. Kg5 Rd6
67. Rc7+ Kg8 68. Rb7 Rc6 69. Rd7 Rb6 70. Ra7 Rc6 71. Rb7 Rd6 72. Ra7 Rc6 73. Kf5
Rb6 74. Ke5 Rh6 75. Kf5 Rc6 76. Kg5 Rb6 77. Ra8+ Kf7 78. Ra7+ Ke6 79. Rh7 Kd5
80. Kf5 Rb5 81. Rh8 Kc6+ 82. Kg6 Kc5 83. Rf8 Kb4 84. Rf6 Rc5 85. Rf5 Kb5 86.
Rxc5+ Kxc5 1/2-1/2

[Event "Titled Tue 3rd Jun Early"]
[Site "chess.com INT"]
[Date "2025.06.03"]
[Round "11"]
[White "Shevchenko, Yaroslav"]
[Black "Tan, Zhongyi"]
[Result "0-1"]
[BlackTitle "GM"]
[WhiteElo "2137"]
[BlackElo "2536"]
[WhiteFideId "34144684"]
[BlackFideId "8603642"]
[EventDate "2025.06.03"]

1. e4 e5 2. Nf3 Nc6 3. d4 exd4 4. Nxd4 Nf6 5. Nxc6 bxc6 6. e5 Nd5 7. c4 Nb6 8.
Nc3 Qe7 9. Qe2 a5 10. g3 a4 11. Rb1 Qe6 12. f4 Bb4 13. Bd2 Ba6 14. b3 axb3 15.
axb3 O-O 16. Ne4 Bxd2+ 17. Qxd2 d6 18. Ng5 Qe7 19. Bd3 h6 20. Nf3 dxe5 21. fxe5
c5 22. O-O Bb7 23. Qe3 Ra2 24. Be4 Bxe4 25. Qxe4 Rd8 26. Rbd1 Rxd1 27. Rxd1 Rb2
28. Qe3 Nd7 29. Rd5 Qe6 30. Qc3 Ra2 31. Qe3 Qh3 32. Rd2 Ra1+ 33. Ne1 Qf5 34. Re2
Rb1 35. Kg2 Nf8 36. Nf3 Ne6 37. Rd2 Ra1 38. Rf2 Qb1 39. Kh3 Ra3 40. Nh4 Qxb3 41.
Qd2 Ra8 42. Qd5 Rf8 43. Nf5 Qb1 44. Kg2 Re8 45. h4 Rd8 46. Ne7+ Kh8 47. Ng6+ Kh7
48. Qf3 Qxg6 49. h5 Qd3 50. Qxf7 Qe4+ 51. Kh2 Ng5 52. Qf4 Qxf4 53. gxf4 Nf7 54.
e6 Nd6 55. Rd2 Re8 56. Rd5 Rxe6 57. Rxc5 Re7 58. Kg3 Rf7 59. Kf3 Re7 60. Rd5 Kg8
61. Rc5 Kf7 62. Rc6 Ke8 63. Rc5 Kd7 64. f5 Rf7 65. Kf4 Rf6 66. Rd5 Kc6 67. Re5
Nxc4 68. Re7 Nd6 69. Rxg7 Rxf5+ 70. Kg4 Rd5 71. Rg6 Rd4+ 72. Kf3 Kd5 73. Rxh6 c5
74. Rg6 Nf5 75. Rg5 Ke6 76. Rg6+ Ke5 77. Rg5 Rf4+ 78. Ke2 Rh4 79. Kf3 Rh3+ 80.
Kg4 Rg3# 0-1

[Event "Titled Tue 3rd Jun Early"]
[Site "chess.com INT"]
[Date "2025.06.03"]
[Round "11"]
[White "Barseghyan, Armen Ar."]
[Black "Madhesh Kumar S"]
[Result "1/2-1/2"]
[WhiteTitle "IM"]
[BlackTitle "CM"]
[WhiteElo "2348"]
[BlackElo "2243"]
[WhiteFideId "13306707"]
[BlackFideId "25168649"]
[EventDate "2025.06.03"]

1. Nf3 Nf6 2. c4 g6 3. g3 Bg7 4. Bg2 O-O 5. O-O c6 6. d4 d5 7. cxd5 cxd5 8. Nc3
Nc6 9. Ne5 Bf5 10. Nxc6 bxc6 11. Na4 Nd7 12. b3 Re8 13. Bb2 Rc8 14. Rc1 e5 15.
dxe5 Nxe5 16. Qd2 Qe7 17. Bd4 h5 18. h4 Ng4 19. Bxg7 Kxg7 20. Qd4+ Nf6 21. e3
Be4 22. Nc5 Bxg2 23. Kxg2 Kg8 24. Rc2 Ng4 25. Nd3 Qd7 26. Nc5 Qf5 27. Rfc1 Re7
28. Qf4 Qxf4 29. gxf4 Nh6 30. Nd3 Re6 31. Nb4 Nf5 32. Kh3 Ne7 33. Rc5 Rd6 34.
Ra5 Rd7 35. Nd3 Kf8 36. b4 Rb7 37. a3 f6 38. Nc5 Rb5 39. Rxa7 Kf7 40. Nb3 Rbb8
41. Nd4 Ra8 42. Rxa8 Rxa8 43. Nxc6 Nxc6 44. Rxc6 Rxa3 45. b5 Rb3 46. b6 d4 47.
Kg2 dxe3 48. fxe3 Rxe3 49. Kf2 Rb3 50. Ke2 Ke7 51. Kd2 Rb1 52. Kd3 Rb4 53. Ke3
Kf7 54. Rd6 Ke7 55. Rc6 Kf7 56. Rc7+ Ke6 57. b7 Kf5 58. Rg7 Rb3+ 59. Kd4 Kxf4
60. Kc5 g5 61. hxg5 fxg5 62. Rd7 Rxb7 63. Rxb7 g4 64. Kd4 h4 65. Rf7+ Kg3 66.
Ke3 h3 67. Rh7 Kh2 68. Kf4 g3 69. Kg4 g2 70. Rxh3+ Kg1 71. Rf3 Kh2 72. Rh3+ Kg1
73. Re3 Kh2 74. Re2 Kh1 75. Rxg2 Kxg2 1/2-1/2

[Event "Titled Tue 3rd Jun Early"]
[Site "chess.com INT"]
[Date "2025.06.03"]
[Round "11"]
[White "Saiz Rodriguez, Daniel Evelio"]
[Black "Deng, Henry"]
[Result "1/2-1/2"]
[WhiteTitle "FM"]
[BlackTitle "FM"]
[WhiteElo "2187"]
[BlackElo "2327"]
[WhiteFideId "3523420"]
[BlackFideId "30965454"]
[EventDate "2025.06.03"]

1. c4 c6 2. e4 d5 3. exd5 cxd5 4. d4 Nf6 5. Nc3 Nc6 6. Nf3 Bg4 7. cxd5 Nxd5 8.
Qb3 Bxf3 9. gxf3 e6 10. Qxb7 Nxd4 11. Bb5+ Nxb5 12. Qc6+ Ke7 13. Qc5+ Nd6 14.
Nxd5+ exd5 15. O-O Kd7 16. Qxd5 Rb8 17. Rd1 Qf6 18. Be3 Be7 19. Bxa7 Rbc8 20.
Qb7+ Rc7 21. Qb5+ Kc8 22. Qb8+ Kd7 23. Qxh8 Qg6+ 24. Kh1 Rxa7 25. Rac1 Ke6 26.
Qb8 Ra5 27. Qb3+ Kf6 28. Qc3+ Re5 29. Re1 Qf5 30. Re3 Nb5 31. Qc6+ Nd6 32. Qc3
Nb5 33. Qxe5+ Qxe5 34. Rxe5 Kxe5 35. a4 Nd4 36. Re1+ Kd6 37. f4 Bf6 38. b4 Nc6
39. Rd1+ Kc7 40. b5 Na5 41. Kg2 Kb6 42. Rd5 Nc4 43. Kf3 Ka5 44. Rd7 Kxa4 45.
Rxf7 Kxb5 46. h4 Kc5 47. Rf8 Nd6 48. Ra8 Kd5 49. Ra2 Ke6 50. Ra5 Nf5 51. Ra6+
Kf7 52. h5 Nd4+ 53. Kg4 Ne6 54. Ra7+ Ke8 55. h6 Kf8 56. Ra8+ Kf7 57. Ra7+ Kg6
58. f5+ Kxh6 59. fxe6 Kg6 60. f4 h5+ 61. Kf3 h4 62. e7 Kf7 63. Kg4 Bxe7 64. f5
Kf6 65. Ra6+ Kf7 66. Kh5 h3 67. Ra2 Bd6 68. Kg4 h2 69. Ra7+ Kf6 70. Ra1 Be5 71.
Ra6+ Kf7 72. Ra7+ Kf6 73. Ra1 g6 74. Rf1 gxf5+ 75. Rxf5+ Ke6 76. Rh5 Kd5 77.
Rxh2 Bxh2 1/2-1/2

[Event "Titled Tue 3rd Jun Early"]
[Site "chess.com INT"]
[Date "2025.06.03"]
[Round "11"]
[White "Molina, Roberto Junio Brito"]
[Black "Aarit Kapil"]
[Result "1-0"]
[WhiteTitle "IM"]
[BlackTitle "CM"]
[WhiteElo "2381"]
[BlackElo "2098"]
[WhiteFideId "2109450"]
[BlackFideId "33408947"]
[EventDate "2025.06.03"]

1. d4 Nf6 2. Nc3 e6 3. Bg5 Be7 4. Qd2 d5 5. O-O-O h6 6. Bxf6 Bxf6 7. e4 c6 8.
Nf3 Nd7 9. Kb1 b5 10. e5 Be7 11. Ne2 a5 12. Nf4 a4 13. Bd3 Nf8 14. h4 a3 15. b3
Qa5 16. c3 Bd7 17. b4 Qc7 18. g4 Rg8 19. g5 hxg5 20. hxg5 f6 21. Ng6 Nxg6 22.
Bxg6+ Kd8 23. Rh7 Kc8 24. gxf6 gxf6 25. Rxe7 Rxg6 26. exf6 Qd8 27. Ne5 Rxf6 28.
Rxd7 Qf8 29. f3 Rxf3 30. Nxf3 Kxd7 31. Ne5+ Kc7 32. Rh1 Qf5+ 33. Qc2 Qf4 34.
Qh7+ Kb8 35. Nxc6+ Kc8 36. Rg1 Qe4+ 37. Qxe4 dxe4 38. Kc2 Kc7 39. Ne5 Rh8 40.
Kb3 Rh2 41. Re1 Rh4 42. Kxa3 Kd6 43. Kb3 Kd5 44. Re3 Rh2 45. Ng6 Rf2 46. Ne7+
Kd6 47. Rxe4 Kxe7 48. d5 Kd6 49. dxe6 Ke7 50. Re5 Rf1 51. Rxb5 Kxe6 52. a4 Kd6
53. Rc5 Rb1+ 54. Kc4 Ra1 55. Kb5 Ra2 56. a5 Ra3 57. Kb6 Ra2 58. a6 Ra1 59. a7
Ra2 60. Kb7 Ra3 61. a8=N Ra4 62. Nb6 Ra1 63. Nc4+ Ke6 64. Na5 Kd6 65. Kb6 Ke6
66. c4 Kd6 67. b5 Ke6 68. Rc6+ Kd7 69. Nb3 Re1 70. Nc5+ Kd8 71. Ka6 Ra1+ 72. Kb7
Re1 73. b6 Re7+ 74. Rc7 Re5 75. Na6 Ra5 76. Nb8 Ra4 77. c5 Ke8 78. Nc6 Kf8 79.
Kc8 Ke8 80. b7 Rd4 81. Nxd4 1-0

[Event "Titled Tue 3rd Jun Early"]
[Site "chess.com INT"]
[Date "2025.06.03"]
[Round "11"]
[White "Sheehan, Ethan"]
[Black "Alonso Rosell, Alvar"]
[Result "1/2-1/2"]
[BlackTitle "GM"]
[WhiteElo "2380"]
[BlackElo "2550"]
[WhiteFideId "30943965"]
[BlackFideId "2270544"]
[EventDate "2025.06.03"]

1. Nf3 Nf6 2. c4 c5 3. Nc3 Nc6 4. d4 cxd4 5. Nxd4 Qb6 6. Nb3 e6 7. e4 Bb4 8. Qc2
Nd4 9. Nxd4 Qxd4 10. Bd3 Qe5 11. Bd2 Qh5 12. O-O a6 13. f4 Ng4 14. h3 Bc5+ 15.
Kh1 Nf2+ 16. Rxf2 Bxf2 17. e5 Bc5 18. Ne4 Be7 19. Kh2 f5 20. exf6 gxf6 21. Bc3
Qh6 22. Rf1 b6 23. Qf2 Rb8 24. Qd4 Rg8 25. Nxf6+ Bxf6 26. Qxf6 Bb7 27. g4 Rxg4
28. Rf2 Qxf6 29. Bxf6 Rg6 30. Bxg6+ hxg6 31. Bd4 b5 32. c5 Rc8 33. b4 Kf7 34.
Be5 Bc6 35. Kg3 Ra8 36. Bc7 Rh8 37. h4 Rh5 38. Be5 Ke8 39. Rd2 Kf7 40. Rd4 Ke8
41. Rd2 Kf7 42. Rh2 Ke8 43. Kf2 Kf7 44. Ke3 Ke8 45. Kd4 Kf7 46. Rh3 Ke8 47. Rg3
Kf7 48. Rh3 Ke8 49. Kc3 Kf7 50. Kd2 Bd5 51. a3 Bc6 52. Ke3 Ke8 53. Kf2 Kf7 54.
Kg3 Ke8 55. Rh2 Kf7 56. Rd2 Ke8 57. Bf6 Rf5 58. Be5 Rf8 59. Kg4 Rf5 60. Rd6 Kf7
61. Rd2 Ke8 62. Rd1 Kf7 63. Rg1 Ke8 64. Kh3 Kf7 65. Rg5 Rxg5 66. fxg5 Bd5 67.
Kg3 Ke8 68. Kf4 Ba2 69. Bd6 Bb3 70. Ke5 Bd1 71. Kf6 Bh5 72. Bg3 Kd8 73. Ke5 Kc8
74. Kd6 Bg4 75. c6 dxc6 76. Kxc6 Bf3+ 77. Kb6 Kd7 78. Kxa6 Kc6 79. Ka5 Bd1 80.
Be5 Be2 81. a4 bxa4 82. Kxa4 Kb7 83. b5 Bh5 84. Kb4 Bg4 85. Kc5 Bh5 86. Bd4 Bg4
87. Kd6 Bh5 88. Bc5 Bg4 89. Ke5 Bh5 90. Kxe6 Kb8 91. Kd6 Kb7 92. Bd4 Bg4 93. Kc5
Bh5 94. Be5 Bg4 95. Bd4 Bh5 96. b6 Bg4 97. Kd6 Bh5 98. Ke7 Kc8 99. Kf6 Kb7 100.
Kg7 Kc8 101. Kf7 Kb7 102. Ke7 Kc8 103. Kd6 Kb7 104. Kc5 Bg4 105. Kb5 Bh5 106.
Bc5 Bg4 107. Kb4 Bh5 108. Kc3 Bg4 109. Bg1 Bh5 110. Kd2 Bg4 111. Bd4 Bh5 112.
Ke3 Bg4 113. Kf2 Bh5 114. Kg3 Kc8 115. Kf4 Kb7 116. Ke5 Kc8 117. Kd6 Kb7 1/2-1/2

[Event "Titled Tue 3rd Jun Early"]
[Site "chess.com INT"]
[Date "2025.06.03"]
[Round "11"]
[White "Rustamov, Rustam"]
[Black "Genkeswaran, Genivan"]
[Result "1-0"]
[WhiteTitle "FM"]
[BlackTitle "CM"]
[WhiteElo "2323"]
[BlackElo "2197"]
[WhiteFideId "13440110"]
[BlackFideId "5754496"]
[EventDate "2025.06.03"]

1. e4 c6 2. Nf3 d5 3. Nc3 dxe4 4. Nxe4 Nf6 5. Qe2 Nxe4 6. Qxe4 Nd7 7. Bc4 Nf6 8.
Ne5 e6 9. Qe2 Bd6 10. d4 O-O 11. O-O c5 12. dxc5 Bxc5 13. Rd1 Qc7 14. Bf4 Bd6
15. Bb3 Nd5 16. Bg3 b6 17. c4 Nf6 18. Ng4 Bxg3 19. Nxf6+ gxf6 20. hxg3 Bb7 21.
Rd4 Qc6 22. Qg4+ Kh8 23. f3 Qc5 24. Kh2 Rg8 25. Qf4 Rg6 26. Rad1 Kg7 27. Qd6 Qg5
28. Rg4 Qf5 29. Rh4 Qe5 30. Qxe5 fxe5 31. Rd7 Bc6 32. Rc7 Be8 33. Bc2 Rh6 34.
Rxh6 Kxh6 35. Be4 Rd8 36. Rxa7 Rd2 37. Re7 Rd8 38. g4 Kg5 39. b4 f5 40. gxf5
exf5 41. Rxe5 Bg6 42. Bd5 Kf4 43. Re2 b5 44. g3+ Kg5 45. f4+ Kf6 46. Re6+ Kg7
47. Re2 bxc4 48. Bxc4 Rd4 49. Rc2 Bh5 50. a3 Bd1 51. Rc3 Rd2+ 52. Kg1 Kf6 53.
Rd3 Rc2 54. Rd6+ Ke7 55. Rxd1 Rxc4 56. Rd3 Rc2 57. Rb3 Kd7 58. Re3 Kc6 59. Re5
Rc3 60. Kg2 Rxa3 61. Rxf5 Rb3 62. Rc5+ Kd6 63. Rh5 Rxb4 64. Rh6+ Kd5 65. Rxh7
Ke4 66. Re7+ Kf5 67. Re5+ Kf6 68. Kf3 Rb8 69. Ra5 Rb3+ 70. Kg4 Rb6 71. Rh5 Kg6
72. f5+ Kg7 73. Kg5 Rb3 74. g4 Rb6 75. Rh1 Rb8 76. Ra1 Kf8 77. Ra7 Rb6 78. f6
Rb4 79. Kh5 Rb5+ 80. g5 Rb8 81. Kg6 Kg8 82. Rg7+ Kh8 83. Rh7+ Kg8 84. f7+ Kf8
85. Rh8+ Ke7 86. Rxb8 Ke6 87. f8=Q Ke5 88. Qf6+ Ke4 89. Rb4+ Ke3 90. Qf4+ Ke2
91. Rb2+ Ke1 92. Qf2+ Kd1 93. Qd2# 1-0

[Event "Titled Tue 3rd Jun Early"]
[Site "chess.com INT"]
[Date "2025.06.03"]
[Round "11"]
[White "Torres Rebolledo, Alvaro"]
[Black "Yezhel, Valiantsin"]
[Result "0-1"]
[WhiteTitle "FM"]
[BlackTitle "FM"]
[WhiteElo "2336"]
[BlackElo "2232"]
[WhiteFideId "54587670"]
[BlackFideId "13504983"]
[EventDate "2025.06.03"]

1. Nf3 d5 2. b3 Nf6 3. Bb2 g6 4. e3 Bg7 5. Be2 O-O 6. O-O c5 7. c4 Nc6 8. cxd5
Nxd5 9. Bxg7 Kxg7 10. Nc3 b6 11. Nxd5 Qxd5 12. Rc1 Bb7 13. Bc4 Qd6 14. d4 cxd4
15. exd4 e6 16. d5 exd5 17. Qxd5 Qxd5 18. Bxd5 Rac8 19. Bxc6 Bxc6 20. Ne5 Bd5
21. h3 Rfe8 22. Nd3 Rxc1 23. Rxc1 Re7 24. Nb4 Bb7 25. Rc2 h5 26. h4 Re1+ 27. Kh2
Re4 28. Nc6 Rxh4+ 29. Kg1 Bxc6 30. Rxc6 Rb4 31. Rc7 a5 32. g3 a4 33. bxa4 Rxa4
34. Rb7 Rb4 35. a3 Rb3 36. a4 Ra3 37. Rxb6 Rxa4 38. Kg2 h4 39. gxh4 Rxh4 40. Kg3
Rd4 41. f3 f6 42. Rb7+ Kh6 43. Rb8 Kg5 44. Rb6 Rc4 45. Ra6 f5 46. Ra5 Kh5 47.
Rb5 Rc1 48. Ra5 Rg1+ 49. Kf2 Rc1 50. Kg3 Rc6 51. Ra8 Kg5 52. Ra5 Rf6 53. Kh3 Kf4
54. Kg2 Rd6 55. Ra4+ Ke3 56. Kg3 g5 57. Ra5 f4+ 58. Kg4 Rd1 59. Ra3+ Ke2 60.
Kxg5 Rd4 61. Kg4 Kf2 62. Ra2+ Ke3 63. Ra1 Kf2 64. Ra8 Ke3 65. Re8+ Kf2 66. Re5
Rc4 67. Ra5 Ke3 68. Ra3+ Kf2 69. Kf5 Kg3 70. Rd3 Ra4 71. Ke5 Ra5+ 72. Ke4 Ra8
73. Rb3 Re8+ 74. Kd4 Re1 75. Ra3 Kf2 76. Rb3 Re3 77. Rb1 Kxf3 78. Rf1+ Kg3 79.
Rg1+ Kf2 80. Rh1 Re8 81. Rh2+ Kg3 82. Rh7 f3 83. Rg7+ Kh2 84. Kd3 f2 85. Rh7+
Kg1 86. Rg7+ Kf1 87. Kd2 Rd8+ 88. Kc2 Rd5 89. Rg8 Ke2 90. Re8+ Kf3 91. Rf8+ Ke3 0-1

[Event "Titled Tue 3rd Jun Early"]
[Site "chess.com INT"]
[Date "2025.06.03"]
[Round "11"]
[White "Asensio Ramos, Enrique Fernando"]
[Black "Sabatier, Mathis"]
[Result "1/2-1/2"]
[WhiteTitle "CM"]
[BlackTitle "CM"]
[WhiteElo "2206"]
[BlackElo "2235"]
[WhiteFideId "2214172"]
[BlackFideId "26029685"]
[EventDate "2025.06.03"]

1. d4 d5 2. Nc3 Nf6 3. Bf4 a6 4. e3 c5 5. dxc5 Nc6 6. Nf3 e6 7. Na4 Ne4 8. Nb6
Ra7 9. Nxc8 Qxc8 10. c3 Bxc5 11. Bd3 O-O 12. Bxe4 dxe4 13. Ng5 e5 14. Qh5 h6 15.
Nxe4 exf4 16. Qxc5 Qe6 17. Nd6 fxe3 18. fxe3 Raa8 19. O-O Ne5 20. Rad1 b5 21. h3
Rad8 22. a3 Nd7 23. Qf5 Qxe3+ 24. Kh1 Nf6 25. Rde1 Qb6 26. Ne4 Nxe4 27. Rxe4 Qg6
28. Qxg6 fxg6 29. Rxf8+ Kxf8 30. Re6 Rd2 31. Rxg6 Rxb2 32. Rxa6 Rb3 33. Ra8+ Kf7
34. Ra7+ Kf6 35. Ra6+ Kf7 36. Rb6 Rxa3 37. Rxb5 Rxc3 38. Kh2 Kg8 39. Rb7 Kh7 40.
h4 Rc4 41. g3 Rc2+ 42. Kh3 Ra2 43. Rb3 Rc2 44. Re3 Ra2 45. Rc3 Rb2 46. h5 Rb1
47. Kh4 Rh1+ 48. Kg4 Ra1 49. Rc4 Ra3 50. Kh4 Ra5 51. Rb4 Rg5 52. Rf4 Ra5 53. Rg4
Rb5 54. Rd4 Ra5 55. g4 Rb5 56. Kg3 Ra5 57. Kf4 Rb5 58. Rc4 Ra5 59. Re4 Rb5 60.
Ra4 Rc5 61. Rb4 Ra5 62. Re4 Rb5 63. Kg3 Ra5 64. Rf4 Rb5 65. Kh4 Ra5 66. Rf1 Rb5
67. Rg1 Ra5 68. Rg2 Rb5 69. Rf2 Ra5 70. Kg3 Rb5 71. Rf4 Ra5 72. Re4 Rb5 73. Kf4
Ra5 74. Rd4 Rb5 75. Re4 Ra5 76. Kg3 Rb5 77. Re1 Ra5 78. Rf1 Rb5 79. Rf5 Rb3+ 80.
Kf4 Rb4+ 81. Kf3 Rb3+ 82. Kf4 Rb4+ 83. Kg3 Rb3+ 84. Kh4 Rb1 85. Rf8 Rh1+ 86. Kg3
Rg1+ 87. Kh3 Rh1+ 88. Kg2 Ra1 89. Rf5 Ra2+ 90. Kg3 Ra3+ 91. Kh4 Ra1 92. g5 hxg5+
93. Kxg5 Rg1+ 94. Kh4 Rh1+ 95. Kg5 Rg1+ 96. Kh4 Rh1+ 97. Kg4 Rg1+ 98. Kh3 Rh1+
99. Kg2 Rh4 100. Kg3 Rh1 101. Kg2 Rh4 102. Kg3 Rh1 103. Kg2 1/2-1/2